书目信息 |
| 题名: |
会中文就会说英文
|
|
| 作者: | 王全民 , 吴诸俣 著 | |
| 分册: | ||
| 出版信息: | 北京 中国财富出版社有限公司 2024.08 |
|
| 页数: | 297页 | |
| 开本: | 24cm | |
| 丛书名: | ||
| 单 册: | ||
| 中图分类: | H319.9 | |
| 科图分类: | ||
| 主题词: | 英语--口语--自学参考资料 | |
| 电子资源: | ||
| ISBN: | 978-7-5047-8188-8 | |
| 000 | 01077nam0 2200241 450 | |
| 001 | 013215934 | |
| 005 | 20250924231355.63 | |
| 010 | @a978-7-5047-8188-8@dCNY68.00 | |
| 100 | @a20241031d2024 em y0chiy0120 ea | |
| 101 | 0 | @achi@aeng |
| 102 | @aCN@b110000 | |
| 105 | @aa z 000yy | |
| 106 | @ar | |
| 200 | 1 | @a会中文就会说英文@9hui zhong wen jiu hui shuo ying wen@f王全民,吴诸俣著 |
| 210 | @a北京@c中国财富出版社有限公司@d2024.08 | |
| 215 | @a297页@c彩图@d24cm | |
| 330 | @a本书分为语音知识和口语表达两大板块。语音知识划分为3个章节,分别是字母、音标和自然拼读。每个章节下面又分设发音攻略、代表单词,其中代表单词附有音标,单词中相应发音的字母也做出特殊标记。口语表达部分划分为3个章节,分别是日常生活篇、商务职场篇、出国旅游篇。每个章节下按照口语交际话题划分单元,共60个单元,每个单元含有5个模块,即热点单词、场景模拟1、场景模拟2、语法精讲、相关表达。 | |
| 606 | 0 | @a英语@x口语@j自学参考资料 |
| 690 | @aH319.9@v5 | |
| 701 | 0 | @a王全民@9wang quan min@4著 |
| 701 | 0 | @a吴诸俣@9wu zhu yu@4著 |
| 801 | 0 | @aCN@c20250909 |
| 905 | @a河南城建学院图书馆@dH319.9@eW314@ZW314@f1 | |
| 会中文就会说英文/王全民,吴诸俣著.-北京:中国财富出版社有限公司,2024.08 |
| 297页:彩图;24cm |
| ISBN 978-7-5047-8188-8:CNY68.00 |
| 本书分为语音知识和口语表达两大板块。语音知识划分为3个章节,分别是字母、音标和自然拼读。每个章节下面又分设发音攻略、代表单词,其中代表单词附有音标,单词中相应发音的字母也做出特殊标记。口语表达部分划分为3个章节,分别是日常生活篇、商务职场篇、出国旅游篇。每个章节下按照口语交际话题划分单元,共60个单元,每个单元含有5个模块,即热点单词、场景模拟1、场景模拟2、语法精讲、相关表达。 |
| ● |
| 相关链接 |
|
|
|
正题名:会中文就会说英文
索取号:H319.9/W314
 
预约/预借
| 序号 | 登录号 | 条形码 | 馆藏地/架位号 | 状态 | 备注 |
| 1 | 1633088 | 216330888 | 语言库209/209语言库 109排1列6层/ [索取号:H319.9/W314] | 在馆 |